00546 a2200217 4500260000900000300001100009245010200020260001000122650001800132650001400150650001000164650001200174650001600186260000900202300001000211100000700221630004300228037001300271650002600284020001800310 bCNRS a730 p. aJurisprudence du conseil d'Etat et du tribunal des conflits : Tables décennales : 1965-1974. T1 aParis aDroit privé aAbattoirs aActes aAffiche aPublicité c1976 b23 cm lFr a34 - Droit. Jurisprudence. Legislation aDe 00610 a3 - SCIENCES SOCIALES a2-222-01995-8